000
00504nam a2200181Ia 4500
008
090123s9999 xx 000 0 und d
082
_b
13237
100
_a
माडगूळकर व्यंकटेश
245
_a
बाजार
250
_a
1
260
_c
1977
300
_a
117
600
_a
माडगूळकर व्यंकटेश
630
_a
बाजार
700
_a
माडगूळकर व्यंकटेश
730
_a
बाजार
942
_c
BOOK
999
_c
51300
_d
51300